Ghashiram kotwal (Record no. 156313)

MARC details
000 -LEADER
fixed length control field 00712nam a22002177a 4500
005 - DATE AND TIME OF LATEST TRANSACTION
control field 20180914171123.0
006 - FIXED-LENGTH DATA ELEMENTS--ADDITIONAL MATERIAL CHARACTERISTICS--GENERAL INFORMATION
fixed length control field a|||||f|||| 00| 0
007 - PHYSICAL DESCRIPTION FIXED FIELD--GENERAL INFORMATION
fixed length control field tc
008 - FIXED-LENGTH DATA ELEMENTS--GENERAL INFORMATION
fixed length control field 180720b xxu||||| |||| 00| 0 eng d
010 ## - LCCN (DPL NO)
LC control number BR-000912-BR-000913
020 ## - INTERNATIONAL STANDARD BOOK NUMBER
Terms of availability 133.00
035 ## - SYSTEM CONTROL NUMBER
System control number BR-000912
037 ## - SOURCE OF ACQUISITION
Source of stock number/acquisition A.I.C.B.
082 ## - DEWEY DECIMAL CLASSIFICATION NUMBER
Classification number 808.84
245 ## - TITLE STATEMENT
Title Ghashiram kotwal
Remainder of title : Essays and Annotation
260 ## - PUBLICATION, DISTRIBUTION, ETC. (IMPRINT)
Place of publication, distribution, etc Delhi
Name of publisher, distributor, etc A.C.I.B.
Date of publication, distribution, etc N.D.
270 ## - ADDRESS
Address Sector-5, Rohini,
City New Delhi
Postal code 110085
300 ## - PHYSICAL DESCRIPTION
Extent various pages.
Dimensions 30cm(HB).
942 ## - ADDED ENTRY ELEMENTS (KOHA)
Source of classification or shelving scheme Dewey Decimal Classification
Item type Braille-Books-English
Classification part 808.84
Call number suffix GHA
Holdings
Withdrawn status Lost status Not for loan Collection code Home library Current library Date acquired Source of acquisition Cost, normal purchase price Full call number Barcode Copy number Koha item type
      Non-fiction Braille-Library Braille-Library 15/09/2011 3261/15-09-2011 133.00 808.84 GHA BR-000912 1 Braille-Books-English
      Non-fiction Braille-Library Braille-Library 15/09/2011 3261/15-09-2011 133.00 808.84 GHA BR-000913 1 Braille-Books-English

© Delhi Public Library
Hit Counter
free hit counter